<?xml version="1.0" encoding="UTF-8"?>
<record
    xmlns:xsi="http://www.w3.org/2001/XMLSchema-instance"
    xsi:schemaLocation="http://www.loc.gov/MARC21/slim http://www.loc.gov/standards/marcxml/schema/MARC21slim.xsd"
    xmlns="http://www.loc.gov/MARC21/slim">

  <leader>04043nam a2200325 a 4500</leader>
  <controlfield tag="001">000045656</controlfield>
  <controlfield tag="003">DO-SdBNP</controlfield>
  <controlfield tag="005">20250218102534.0</controlfield>
  <controlfield tag="007">ta</controlfield>
  <controlfield tag="008">150422s2006    dr            000 0 spa d</controlfield>
  <datafield tag="020" ind1=" " ind2=" ">
    <subfield code="a">999346256X</subfield>
  </datafield>
  <datafield tag="040" ind1=" " ind2=" ">
    <subfield code="a">DO-SdBNP</subfield>
    <subfield code="b">spa</subfield>
    <subfield code="c">BNPHU</subfield>
  </datafield>
  <datafield tag="041" ind1=" " ind2=" ">
    <subfield code="h">spa</subfield>
  </datafield>
  <datafield tag="082" ind1=" " ind2="4">
    <subfield code="a">861.44 </subfield>
    <subfield code="b">M878a</subfield>
    <subfield code="2">22</subfield>
  </datafield>
  <datafield tag="100" ind1="1" ind2=" ">
    <subfield code="a">Morrison, Mateo,</subfield>
    <subfield code="d">1947-</subfield>
    <subfield code="9">1469</subfield>
  </datafield>
  <datafield tag="245" ind1="1" ind2="0">
    <subfield code="a">Antolog&#xED;a po&#xE9;tica Dominicana :</subfield>
    <subfield code="b">de carabelas, descubrimiento y encuentro de culturas ; Crist&#xF3;bal Col&#xF3;n 500 a&#xF1;os /</subfield>
    <subfield code="c">Mateo Morrison ; presentaci&#xF3;n Roberto Reyna.</subfield>
  </datafield>
  <datafield tag="260" ind1=" " ind2=" ">
    <subfield code="a">Santo Domingo :</subfield>
    <subfield code="b">Editora Universitaria-UASD,</subfield>
    <subfield code="c">2006.</subfield>
  </datafield>
  <datafield tag="300" ind1=" " ind2=" ">
    <subfield code="a">252 p. ;</subfield>
    <subfield code="c">23 cm.</subfield>
  </datafield>
  <datafield tag="490" ind1="1" ind2=" ">
    <subfield code="a">Publicaciones de la Universidad Aut&#xF3;noma de Santo Domingo</subfield>
    <subfield code="v">1294</subfield>
  </datafield>
  <datafield tag="490" ind1="1" ind2=" ">
    <subfield code="a">Literatura y sociedad</subfield>
    <subfield code="v">63</subfield>
  </datafield>
  <datafield tag="500" ind1=" " ind2=" ">
    <subfield code="a">A prop&#xF3;sito del 500 aniversario de la muerte de Crist&#xF3;bal Col&#xF3;n.</subfield>
  </datafield>
  <datafield tag="500" ind1=" " ind2=" ">
    <subfield code="a">Incluye referencias bibliogr&#xE1;ficas y notas al pie de las p&#xE1;ginas.</subfield>
  </datafield>
  <datafield tag="500" ind1=" " ind2=" ">
    <subfield code="a">Incluye datos biogr&#xE1;ficos del autor en la solapa de la contracubierta</subfield>
  </datafield>
  <datafield tag="505" ind1="0" ind2=" ">
    <subfield code="a">Col&#xF3;n en la poes&#xED;a dominicana --</subfield>
    <subfield code="t">Motivaciones de una investigaci&#xF3;n --</subfield>
    <subfield code="t">Autores incluidos en la Antolog&#xED;a Po&#xE9;tica Dominicana --</subfield>
    <subfield code="r">Juan Antonio Alix /</subfield>
    <subfield code="t">Tributo del cantor popular del Yaque al gran Crist&#xF3;bal Col&#xF3;n --</subfield>
    <subfield code="r">Juan Freddy Armando --</subfield>
    <subfield code="t">Col&#xF3;n s&#xF3;lo puso el dedo /</subfield>
    <subfield code="r">Joaqu&#xED;n Balaguer --</subfield>
    <subfield code="t">La isla inocente</subfield>
    <subfield code="t">Descubrimiento</subfield>
    <subfield code="t">El viaje a Espa&#xF1;a</subfield>
    <subfield code="r">M&#xE1;ximo Avil&#xE9;s Blonda --</subfield>
    <subfield code="t">El Almirante /</subfield>
    <subfield code="t">Centro del mundo (Fragmentos) /</subfield>
    <subfield code="t">De cantos a Helena, a A&#xED;da Cartagena /</subfield>
    <subfield code="t">Manuel del Cabral --</subfield>
    <subfield code="t">Una visita a la ONU /</subfield>
    <subfield code="t">El domicilio de Col&#xF3;n, violado /</subfield>
    <subfield code="r">Tom&#xE1;s Castro --</subfield>
    <subfield code="t">Mendigo frente al Faro a Col&#xF3;n /</subfield>
    <subfield code="t">Desembarco de ilustres olvidados /</subfield>
    <subfield code="t">Am&#xE9;rica jazz /</subfield>
    <subfield code="t">Cargo la muerte en los costados /</subfield>
    <subfield code="t">Quinientos a&#xF1;os despu&#xE9;s /</subfield>
    <subfield code="t">&#xBF;Qui&#xE9;n la cruza? /</subfield>
    <subfield code="r">Rodolfo Coiscou Weber --</subfield>
    <subfield code="t">Isla callada /</subfield>
    <subfield code="r">Miguel Collado --</subfield>
    <subfield code="t">500 a&#xF1;os despu&#xE9;s /</subfield>
    <subfield code="r">Julio Cuevas --</subfield>
    <subfield code="t">Estamos aqu&#xED; /</subfield>
    <subfield code="r">Cecilio D&#xED;az Carela --</subfield>
    <subfield code="t">Anacaona flor de oro /</subfield>
    <subfield code="r">Joe Dubeau --</subfield>
    <subfield code="t">Con motivo del hallazgo de los restos de Crist&#xF3;bal Col&#xF3;n /</subfield>
    <subfield code="r">Enrique Eusebio --</subfield>
    <subfield code="t">Brev&#xED;sima relaci&#xF3;n del descubrimiento de las ideas /</subfield>
    <subfield code="t">Conquistadores /</subfield>
    <subfield code="r">Abel Fern&#xE1;ndez Mej&#xED;a --</subfield>
    <subfield code="t">Descubrimiento sin carabelas /</subfield>
    <subfield code="r">F&#xE9;lix Garc&#xED;a --</subfield>
    <subfield code="t">Col&#xF3;n /</subfield>
    <subfield code="t">Ra&#xED;ces del tiempo /</subfield>
    <subfield code="r">Carlos G&#xF3;mez Dorly --</subfield>
    <subfield code="t">Anacaona On&#xED;rica /</subfield>
    <subfield code="r">Juan Ar&#xED;stides Gonz&#xE1;lez N&#xFA;&#xF1;ez --</subfield>
    <subfield code="t">Canoabo /</subfield>
    <subfield code="r">Franklin Guti&#xE9;rrez --</subfield>
    <subfield code="t">Inriri /</subfield>
    <subfield code="r">Federico Henr&#xED;quez y Carvajal --</subfield>
    <subfield code="t">A Col&#xF3;n /</subfield>
    <subfield code="r">Federico J&#xF3;vine Berm&#xFA;dez --</subfield>
    <subfield code="t">Palabras de adviento /</subfield>
    <subfield code="t">Cr&#xF3;nicas acerca del muy antiguo y leal cabildo de la ciudad de Santo Domingo /</subfield>
    <subfield code="r">Le&#xF3;n David --</subfield>
    <subfield code="t">Los Galeones /</subfield>
    <subfield code="r">Mateo Morrison --</subfield>
    <subfield code="t">Aniversario del dolor /</subfield>
    <subfield code="t">Col&#xF3;n /</subfield>
    <subfield code="r">F&#xE9;lix Mar&#xED;a del monte --</subfield>
    <subfield code="t">A mi patria anexada a Espa&#xF1;a /</subfield>
    <subfield code="r">Francisco Mu&#xF1;oz del Monte --</subfield>
    <subfield code="t">A la muerte de mi amigo y condisc&#xED;pulo Jos&#xE9; Mar&#xED;a Heredia /</subfield>
    <subfield code="r">Lorgio N&#xFA;&#xF1;ez --</subfield>
    <subfield code="t">Desarraigo /</subfield>
    <subfield code="r">Aliro Paulino (Hijo) --</subfield>
    <subfield code="t">Canto No.1 a Crist&#xF3;bal Col&#xF3;n /</subfield>
  </datafield>
  <datafield tag="505" ind1="0" ind2=" ">
    <subfield code="a">C&#xE9;sar Nicol&#xE1;s Penson --</subfield>
    <subfield code="t">La patria de los porvenir /</subfield>
    <subfield code="r">Manuel de Jes&#xFA;s Pe&#xF1;a y Reynoso --</subfield>
    <subfield code="t">Rasgos &#xE9;picos /</subfield>
    <subfield code="r">Abil Peralta A. --</subfield>
    <subfield code="t">Tres cantos epistolares para recordar a Anacaona /</subfield>
    <subfield code="t">Tu geograf&#xED;a me duele /</subfield>
    <subfield code="r">Reyson A. Peralta --</subfield>
    <subfield code="t">Canto a los Heridos de Am&#xE9;rica /</subfield>
    <subfield code="t">Amor de Am&#xE9;rica /</subfield>
    <subfield code="t">Despertando el interminable sue&#xF1;o</subfield>
    <subfield code="r">Josefa Antonia Perdomo --</subfield>
    <subfield code="t">Triunfo de la Patria /</subfield>
    <subfield code="t">A mi patria /</subfield>
    <subfield code="r">Jos&#xE9; Joaqu&#xED;n P&#xE9;rez --</subfield>
    <subfield code="t">El junco verde /</subfield>
    <subfield code="t">Ecos del destierro /</subfield>
    <subfield code="r">Frank P&#xE9;rez Palacio --</subfield>
    <subfield code="t">500 a&#xF1;os /</subfield>
    <subfield code="r">Jorge Pi&#xF1;a --</subfield>
    <subfield code="t">Metapoesia del caribe /</subfield>
    <subfield code="r">Tony Raful --</subfield>
    <subfield code="t">Vasallo de tus aguas dormidas --</subfield>
    <subfield code="r">Manuel Rueda --</subfield>
    <subfield code="t">A la luz de las Cr&#xF3;nicas /</subfield>
    <subfield code="r">Jos&#xE9; E. Rutinel --</subfield>
    <subfield code="t">Los enemigos /</subfield>
    <subfield code="r">Viriato Senci&#xF3;n --</subfield>
    <subfield code="t">Raza /</subfield>
    <subfield code="r">Claudio Soriano Canto --</subfield>
    <subfield code="t">Canto repetido y repetido de sangre, silencio y muerte (fragmentos) /</subfield>
    <subfield code="r">Salom&#xE9; Ure&#xF1;a de Henr&#xED;quez --</subfield>
    <subfield code="t">Col&#xF3;n /</subfield>
    <subfield code="t">Con motivo del hallazgo de los restos de Crist&#xF3;bal Col&#xF3;n --</subfield>
    <subfield code="r">Marcio Veloz Maggiolo --</subfield>
    <subfield code="t">El nombre Espa&#xF1;a</subfield>
  </datafield>
  <datafield tag="700" ind1="1" ind2=" ">
    <subfield code="a">Reyna, Roberto,</subfield>
    <subfield code="e">presentaci&#xF3;n</subfield>
    <subfield code="9">72953</subfield>
  </datafield>
  <datafield tag="830" ind1=" " ind2="0">
    <subfield code="a">Publicaciones de la Universidad Aut&#xF3;noma de Santo Domingo.</subfield>
    <subfield code="n">1294</subfield>
    <subfield code="9">73718</subfield>
  </datafield>
  <datafield tag="830" ind1=" " ind2="0">
    <subfield code="a">Literatura y Sociedad</subfield>
    <subfield code="n">63</subfield>
    <subfield code="9">73719</subfield>
  </datafield>
  <datafield tag="942" ind1=" " ind2=" ">
    <subfield code="2">ddc</subfield>
    <subfield code="c">LBS1</subfield>
  </datafield>
  <datafield tag="952" ind1=" " ind2=" ">
    <subfield code="0">0</subfield>
    <subfield code="1">0</subfield>
    <subfield code="2">ddc</subfield>
    <subfield code="5">1</subfield>
    <subfield code="7">0</subfield>
    <subfield code="8">PD</subfield>
    <subfield code="a">BNPHU</subfield>
    <subfield code="b">BNPHU</subfield>
    <subfield code="c">HD</subfield>
    <subfield code="d">2015-04-22</subfield>
    <subfield code="l">0</subfield>
    <subfield code="o">BNPHU PD 861.44 M878a</subfield>
    <subfield code="p">45656-10</subfield>
    <subfield code="r">2020-06-25</subfield>
    <subfield code="w">2020-06-25</subfield>
    <subfield code="y">LFPD</subfield>
    <subfield code="z">Perteneci&#xF3; a la biblioteca personal de Erick Landestoy.</subfield>
    <subfield code="Z">No se presta</subfield>
  </datafield>
  <datafield tag="999" ind1=" " ind2=" ">
    <subfield code="c">45145</subfield>
    <subfield code="d">45145</subfield>
  </datafield>
</record>
